书目信息 |
| 题名: |
大学英语四、六级考试写作指导
|
|
| 作者: | 张国荣 主编 | |
| 分册: | ||
| 出版信息: | 上海 复旦大学出版社 1999.04 |
|
| 页数: | 261页 | |
| 开本: | 32开 | |
| 丛书名: | ||
| 单 册: | ||
| 中图分类: | H315 | |
| 科图分类: | ||
| 主题词: | 英语 | |
| 电子资源: | ||
| ISBN: | 7-309-02242-4 | |
| 000 | 00583nam0 2200193 45 | |
| 001 | 0003291031 | |
| 005 | 20000329100323.2 | |
| 010 | @a7-309-02242-4@d12.50元 | |
| 100 | @a20000329d1999 km y0chiy0120 ea | |
| 101 | @achi | |
| 105 | @a z 000yy | |
| 200 | 1 | @a大学英语四、六级考试写作指导@ADa Xue Ying Yu Si、Liu Ji Kao Shi Xie Zuo Zhi Dao@f张国荣 主编@FZhang Guo Rong Zhu Bian |
| 210 | @a上海@c复旦大学出版社@d1999.04 | |
| 215 | @a261页@d32开 | |
| 606 | 0 | @a英语 |
| 690 | @aH315@v3 | |
| 701 | @a张国荣@4主编 | |
| 801 | @aCN@bPftUser@c20000329 | |
| 905 | @f5@b51676-680@dH315@eZH731 | |
| 大学英语四、六级考试写作指导/张国荣 主编.-上海:复旦大学出版社,1999.04 |
| 261页;32开 |
| ISBN 7-309-02242-4:12.50元 |
| ● |
| 相关链接 |
|
|
|
正题名:大学英语四、六级考试写作指导
索取号:H315/ZH731
 
预约/预借
| 序号 | 登录号 | 条形码 | 馆藏地/架位号 | 状态 | 备注 |
| 1 | 51676 | 200516762 | 语言库209/209语言库 8排1列4层/ [索取号:H315/ZH731] | 在馆 | |
| 2 | 51677 | 200516771 | 语言库209/400B社科库 9排2列6层/ [索取号:H315/ZH731] | 在馆 | |
| 3 | 51678 | 200516780 | 语言库209/400B社科库 9排2列6层/ [索取号:H315/ZH731] | 在馆 | |
| 4 | 51679 | 200516799 | 语言库209/209语言库 8排1列4层/ [索取号:H315/ZH731] | 在馆 | |
| 5 | 51680 | 200516806 | 语言库209/400B社科库 9排2列6层/ [索取号:H315/ZH731] | 在馆 |